00426 a2200145 4500010001400000020001100014035001300025037001800038082001100056100001700067245008300084260004600167270003700213300003000250 aENG-85534 c100.00 aEN-69067 bD.B.Act / Pub14a340.531 aJoshi, M. N.1 aSources and systems of law and administration in ancient Indiacby M. N. Joshi aJamakhandibBhalachandra Prakashanac2006 aVartak GallibJamakhandie587301 aviii, 126 p.c22 cm (Hb.)